{"text_format":"3","workbook":"xlsx","n_sheets":3,"sheets":["封面","浙江省中医院制剂中心基础装修改造工程汇总表","浙江省中医院制剂中心基础装修改造工程分部分项"],"read":"whole","date_system":"1900"}

{"sheet":"封面","index":0,"n_rows":16,"n_cols":9,"rows_kept":16,"merged":[[0,0,0,3],[1,0,1,8],[3,1,3,7],[5,1,5,3],[5,4,5,7],[6,2,6,3],[6,4,6,6],[8,2,8,3],[8,7,8,8],[9,2,9,3],[9,7,9,8],[10,1,10,2],[10,3,10,4],[10,6,10,8],[11,3,11,4],[11,6,11,8],[12,1,12,2],[12,3,12,4],[12,6,12,8],[13,3,13,4],[13,6,13,8],[14,1,14,2],[14,3,14,4],[14,6,14,8]]}
[{"$nulls":4},"","","","",""]
["浙江省中医院制剂中心基础装修改造工程"]
["","","","","","","","",""]
["","参 考 预 算 书",{"$nulls":6},""]
["","","","","","","","",""]
["","结算价(小写):",null,null,{"v":766498,"d":"766498元"},{"$nulls":3},""]
["","","(大写):",null,766498,null,null,"元整",""]
["","","","","","","","",""]
["","发包人:","",null,"承包人:","","工程造价咨询人:",""]
["","","(单位盖章)",null,"","(单位盖章)","","(单位资质专用章)"]
["","法定代表人或其授权人:",null,"",null,"法定代表人或其授权人:",""]
["","","","(造价人员签字盖专用章)",null,"","(造价人员签字盖专用章)"]
["","编  制  人:",null,"",null,"复  核  人:",""]
["","","","(造价人员签字盖专用章)",null,"","(造价工程师签字盖专用章)"]
["","编 制 日 期:",null,"    年  月  日",null,"复 核 时 间:","    年  月  日"]
["","","","","","","","",""]

{"sheet":"浙江省中医院制剂中心基础装修改造工程汇总表","index":1,"n_rows":27,"n_cols":4,"rows_kept":27,"merged":[[0,0,0,3],[1,0,1,3],[25,0,25,3],[26,0,26,1]]}
["单位工程报价汇总表"]
["工程名称:浙江省中医院制剂中心基础装修改造工程预算书"]
[]
["序号","内容","金额(元)","备注"]
["一","浙江省中医院制剂中心基础装修改造工程",{"$f":"C14","v":{"v":531349.01,"d":"531349"}}]
[1," 分部分项工程量清单",483503.93]
[2," 措施项目清单",540.31]
[3," 其他项目清单"]
[4," 规费",30171.12]
[5," 计税不计费"]
[6," 不计税不计费"]
[7," 税金",46279.38]
[8," 下浮5.2%",29145.73]
[9," 总报价",{"$f":"C6+C7+C9+C12-C13","v":531349.01}]
["二","浙江中医药大学16号楼三楼（301-303）实验室改造工程",{"$f":"C24","v":{"v":235149.04896,"d":"235149"}}]
[1," 分部分项工程量清单",{"v":188091.9,"d":"188091.90"}]
[2," 措施项目清单",25907.54]
[3," 其他项目清单"]
[4," 规费",13567.09]
[5," 计税不计费",20480.99]
[6," 不计税不计费"]
[7," 税金"]
[8," 下浮5.2%",{"$f":"(C16+C17+C19+C20)*5.2%","v":{"v":12898.47104,"d":"12898.47"}}]
[9," 总报价",{"$f":"C16+C17+C19+C20-C23","v":{"v":235149.04896,"d":"235149.05"}}]
["三","合计",{"$f":"C5+C15","v":{"v":766498.05896,"d":"766498"}}]
["总报价(大写):柒拾陆万陆仟肆佰玖拾捌元整"]
["投标人：（盖章）"]

{"sheet":"浙江省中医院制剂中心基础装修改造工程分部分项","index":2,"n_rows":288,"n_cols":12,"rows_kept":288,"merged":[[0,0,0,11],[1,0,1,8],[1,9,1,11],[2,0,3,0],[2,1,3,1],[2,2,3,2],[2,3,3,3],[2,4,3,4],[2,5,3,5],[2,6,3,6],[2,7,3,7],[2,8,2,10],[2,11,3,11],[19,0,19,11],[20,0,20,8],[20,9,20,11],[21,0,22,0],[21,1,22,1],[21,2,22,2],[21,3,22,3],[21,4,22,4],[21,5,22,5],[21,6,22,6],[21,7,22,7],[21,8,21,10],[21,11,22,11],[38,0,38,11],[39,0,39,8],[39,9,39,11],[40,0,41,0],[40,1,41,1],[40,2,41,2],[40,3,41,3],[40,4,41,4],[40,5,41,5],[40,6,41,6],[40,7,41,7],[40,8,40,10],[40,11,41,11],[56,0,56,11],[57,0,57,8],[57,9,57,11],[58,0,59,0],[58,1,59,1],[58,2,59,2],[58,3,59,3],[58,4,59,4],[58,5,59,5],[58,6,59,6],[58,7,59,7],[58,8,58,10],[58,11,59,11],[73,0,73,11],[74,0,74,8],[74,9,74,11],[75,0,76,0],[75,1,76,1],[75,2,76,2],[75,3,76,3],[75,4,76,4],[75,5,76,5],[75,6,76,6],[75,7,76,7],[75,8,75,10],[75,11,76,11],[94,0,94,11],[95,0,95,8],[95,9,95,11],[96,0,97,0],[96,1,97,1],[96,2,97,2],[96,3,97,3],[96,4,97,4],[96,5,97,5],[96,6,97,6],[96,7,97,7],[96,8,96,10],[96,11,97,11],[113,0,113,11],[114,0,114,8],[114,9,114,11],[115,0,116,0],[115,1,116,1],[115,2,116,2],[115,3,116,3],[115,4,116,4],[115,5,116,5],[115,6,116,6],[115,7,116,7],[115,8,115,10],[115,11,116,11],[131,0,131,11],[132,0,132,8],[132,9,132,11],[133,0,134,0],[133,1,134,1],[133,2,134,2],[133,3,134,3],[133,4,134,4],[133,5,134,5],[133,6,134,6],[133,7,134,7],[133,8,133,10],[133,11,134,11],[149,0,149,11],[150,0,150,8],[150,9,150,11],[151,0,152,0],[151,1,152,1],[151,2,152,2],[151,3,152,3],[151,4,152,4],[151,5,152,5],[151,6,152,6],[151,7,152,7],[151,8,151,10],[151,11,152,11],[167,0,167,11],[168,0,168,8],[168,9,168,11],[169,0,170,0],[169,1,170,1],[169,2,170,2],[169,3,170,3],[169,4,170,4],[169,5,170,5],[169,6,170,6],[169,7,170,7],[169,8,169,10],[169,11,170,11],[184,0,184,11],[185,0,185,8],[185,9,185,11],[186,0,187,0],[186,1,187,1],[186,2,187,2],[186,3,187,3],[186,4,187,4],[186,5,187,5],[186,6,187,6],[186,7,187,7],[186,8,186,10],[186,11,187,11],[203,0,203,11],[204,0,204,8],[204,9,204,11],[205,0,206,0],[205,1,206,1],[205,2,206,2],[205,3,206,3],[205,4,206,4],[205,5,206,5],[205,6,206,6],[205,7,206,7],[205,8,205,10],[205,11,206,11],[221,0,221,6],[222,0,222,11],[223,0,223,8],[223,9,223,11],[224,0,225,0],[224,1,225,1],[224,2,225,2],[224,3,225,3],[224,4,225,4],[224,5,225,5],[224,6,225,6],[224,7,225,7],[224,8,224,10],[224,11,225,11],[243,0,243,6],[245,0,245,11],[246,0,246,8],[246,9,246,11],[247,0,248,0],[247,1,248,1],[247,2,248,2],[247,3,248,3],[247,4,248,4],[247,5,248,5],[247,6,248,6],[247,7,248,7],[247,8,247,10],[247,11,248,11],[266,0,266,11],[267,0,267,8],[267,9,267,11],[268,0,269,0],[268,1,269,1],[268,2,269,2],[268,3,269,3],[268,4,269,4],[268,5,269,5],[268,6,269,6],[268,7,269,7],[268,8,268,10],[268,11,269,11],[286,0,286,6],[287,0,287,6]]}
["表 1-2 分部分项工程量清单及计价表(号清单)"]
["单位工程及专业工程名称:浙江省中医院制剂中心基础装修改造工程",{"$nulls":8},"第1页 共12页"]
["序号","项目\n编码","项目名称","项目特征描述","计量\n单位","工程量","综合单价\n(元)","合价\n(元)","其中",null,null,"备注"]
[{"$nulls":8},"人工费","机械费","管理费"]
[null,"1","室外墙上下水管接到下水\n井盖处",{"$nulls":4},"1275.90","17.79","2.46","3.06"]
["1","01B001","混凝土地坪凿除及恢复、垃圾外运","混凝土地坪凿除及恢复","项","1","1200.00","1200.00"]
["2","031001002002","钢管","DN32室外钢管，红丹防锈漆2遍","m","3","25.30","75.90","17.79","2.46","3.06"]
[null,"2","现有的超临界房间按照会\n议室标准改建， 加装空调",{"$nulls":4},"52383.16","10681.00","16.50","1620.56"]
["3","011605001003","平面块料拆除","原地面花岗岩及基层凿除","m2","38","20.76","788.88","642.58",null,"97.28"]
["4","011102003001","块料楼地面","地面800*800仿古砖铺贴，含勾缝，基层","m2","38","163.44","6210.72","1724.44","15.20","263.72"]
["5","011207001002","墙面装饰板","1、附墙木龙骨基层 断面20cm2以内 平均中距30cm以内\n2、墙面阻燃板基层\n3、竹木纤维碳晶板墙面安装","m2","86.2","269.20","23205.04","5967.63",null,"904.24"]
["6","011302001006","吊顶天棚","1、轻钢龙骨（U50型）吊顶 平面\n2、600*600铝扣板吊顶","m2","35","134.14","4694.90","995.75",null,"150.85"]
["7","011105006003","金属踢脚线","阻燃板基层\n不锈钢踢脚线","m","24","31.39","753.36","119.04",null,"18.00"]
["8","01B002","茶水台定制2000*600*800（含水池、龙头、下水配件）","茶水台定制2000*600*800（含水池、龙头、下水配件）","只","1","4000.00","4000.00"]
["9","01B003","建筑垃圾外运","建筑垃圾外运","车","3","760.00","2280.00"]
["10","01B004","零星水管等维修","零星水管等维修:1、给排水改造2、彩钢板切割及加固等","项","1","4000.00","4000.00"]
["11","030404017006","配电箱","1.名称:15路空开箱安装","台","1","2246.34","2246.34","181.20",null,"27.47"]
["12","030411004020","配线","1.名称:BV4.0电线管内穿线","m","40","3.85","154.00","25.20",null,"4.00"]
[]
["表 1-2 分部分项工程量清单及计价表(号清单)"]
["单位工程及专业工程名称:浙江省中医院制剂中心基础装修改造工程",{"$nulls":8},"第2页 共12页"]
["序号","项目\n编码","项目名称","项目特征描述","计量\n单位","工程量","综合单价\n(元)","合价\n(元)","其中",null,null,"备注"]
[{"$nulls":8},"人工费","机械费","管理费"]
["13","030411004021","配线","1.名称:BVR4.0电线管内穿线","m","20","4.17","83.40","12.60",null,"2.00"]
["14","030411004022","配线","1.名称:管内穿线\n2.规格:BV2.5","m","200","2.85","570.00","136.00",null,"20.00"]
["15","030411004023","配线","1.名称:管内穿线\n2.规格:BVR2.5","m","100","3.03","303.00","68.00",null,"10.00"]
["16","030408001005","电力电缆","1.名称:电力电缆敷设\n2.规格:YJV-5*6","m","26","26.67","693.42","61.88","1.30","9.62"]
["17","030408006005","电力电缆头","户内干包式电力电缆头制作、安装 干包终端头(1kV以下截面mm2以下)35 \u007f10mm2及以下，铜芯，三芯及以上","个","2","26.83","53.66","19.38",null,"2.94"]
["18","030411001007","配管","1.名称:Φ25PVC阻燃管吊顶内预埋","m","100","8.10","810.00","467.00",null,"71.00"]
["19","030411006007","接线盒","1.名称:86型暗盒安装","个","10","6.44","64.40","31.10",null,"4.70"]
["20","030404035008","插座","1.名称:86型开关、插座安装","个","10","19.80","198.00","87.30",null,"13.20"]
["21","030412005007","荧光灯","1.名称:600×600LED平板灯安装","套","6","212.34","1274.04","141.90",null,"21.54"]
[null,"3"," 一号提取间墙面瓷砖、 泵\n房、 地面整体需要清洁",{"$nulls":4},"5900.00"]
["22","01B005","原墙面瓷砖清洗","1.原墙面瓷砖清洗","m2","260","15.00","3900.00"]
["23","01B006","成本保护","成本保护","项","1","2000.00","2000.00"]
[null,"4"," 除锅炉房外的防盗门统一\n更换， 并且上部加装雨棚",{"$nulls":4},"39151.45","1438.13","6.37","219.04"]
["24","010802004002","防盗门","钢板防盗门安装","m2","24.5","896.01","21952.25","871.22","6.37","133.04"]
[]
["表 1-2 分部分项工程量清单及计价表(号清单)"]
["单位工程及专业工程名称:浙江省中医院制剂中心基础装修改造工程",{"$nulls":8},"第3页 共12页"]
["序号","项目\n编码","项目名称","项目特征描述","计量\n单位","工程量","综合单价\n(元)","合价\n(元)","其中",null,null,"备注"]
[{"$nulls":8},"人工费","机械费","管理费"]
["25","011210003002","玻璃雨棚","钢架结构6+6夹胶钢化玻璃安装","m2","7.2","1352.88","9740.74","235.94",null,"35.78"]
["26","010607003002","成品雨蓬","不锈钢雨棚制作安装","m2","17.8","340.00","6052.00"]
["27","011610002002","金属门窗拆除","原防盗门拆除","m2","16.2","25.09","406.46","330.97",null,"50.22"]
["28","03B001","建筑垃圾清理外运","建筑垃圾清理外运","项","1","1000.00","1000.00"]
[null,"5"," 消毒室墙面脏污， 需全面\n粉刷； 地面与墙面及顶面\n与墙面缝隙修整、 整平",{"$nulls":4},"10979.00","3269.49",null,"495.16"]
["29","011405001014","金属面油漆","1、金属面打磨清理\n2、金属面刷环氧富锌防锈漆 一遍\n3、金属面刷氟碳漆 ~遍数3","m2","96.6","61.62","5952.49","3004.26",null,"454.99"]
["30","011502001005","金属装饰线","铝合金50内圆安装","m","48.4","41.87","2026.51","265.23",null,"40.17"]
["31","01B007","卫生清理、操作架搭拆、其他零星维修","卫生清理、操作架搭拆","项","1","3000.00","3000.00"]
[null,"6"," 干燥室防盗门脏污， 需粉\n刷",{"$nulls":4},"2127.91","1067.51","7.71","162.86"]
["32","011405001015","金属面油漆","1、金属面打磨清理\n2、金属面刷环氧富锌防锈漆 一遍\n3、金属面刷氟碳漆 ~遍数3","m2","24.48","61.62","1508.46","761.33",null,"115.30"]
["33","011106004004","地坪漆","楼地面打磨处理；地面刷耐磨漆 ~三遍","m2","6.48","61.14","396.19","287.19","7.71","44.71"]
["34","011606001001","楼地面龙骨及饰面拆除","塑胶地面拆除","m2","6.48","3.59","23.26","18.99",null,"2.85"]
["35","01B043","成品保护、卫生清理、建筑垃圾外运","成品保护、卫生清理、建筑垃圾外运","项","1","200.00","200.00"]
[]
["表 1-2 分部分项工程量清单及计价表(号清单)"]
["单位工程及专业工程名称:浙江省中医院制剂中心基础装修改造工程",{"$nulls":8},"第4页 共12页"]
["序号","项目\n编码","项目名称","项目特征描述","计量\n单位","工程量","综合单价\n(元)","合价\n(元)","其中",null,null,"备注"]
[{"$nulls":8},"人工费","机械费","管理费"]
[null,"7"," 中药提取室门、 洗手台、\n桌面等脏污， 需粉刷、 改\n造",{"$nulls":4},"18045.08","4967.60",null,"752.52"]
["36","011405001016","金属面油漆","1、金属面打磨清理\n2、金属面刷环氧富锌防锈漆 一遍\n3、金属面刷氟碳漆 ~遍数3","m2","136","61.62","8380.32","4229.60",null,"640.56"]
["37","01B044","洗手台","人造石台面；\n不锈钢台盆、支架；\n不锈钢厨房龙头","套","1","2000.00","2000.00"]
["38","01B009","原墙面瓷砖清洗","1.原墙面瓷砖清洗","m2","120","15.00","1800.00"]
["39","011401001002","木门油漆","原防火门油漆","m2","18","67.82","1220.76","738.00",null,"111.96"]
["40","01B010","防火门闭门器安装","1.防火门闭门器安装","个","4","161.00","644.00"]
["41","01B011","零星拆除、修补、设备保护、防火门修补、彩钢板生锈处理卫生清理脚手架搭拆","零星拆除、修补、设备保护、防火门修补、彩钢板生锈处理卫生清理脚手架搭拆","项","1","4000.00","4000.00"]
[null,"8"," 提取间、 仓库等房间纱窗\n更换， 外排风机更换",{"$nulls":4},"5884.54","1008.62","66.97","163.01"]
["42","010807004001","金属纱窗","铝合金隐形纱窗扇安装","m2","8.8","178.99","1575.11","136.14",null,"20.59"]
["43","030108001001","离心式通风机","离心式通(引)风机","台","1","2309.43","2309.43","872.48","66.97","142.42"]
["44","01B012","零星拆除、修补、设备保护、防火门修补、彩钢板生锈处理卫生清理脚手架搭拆","零星拆除、修补、设备保护、防火门修补、彩钢板生锈处理卫生清理脚手架搭拆","项","1","2000.00","2000.00"]
[null,"9","空调机房更换门， 并且加\n装门禁指纹锁， 内部墙面\n粉刷乳胶漆， 加装排风扇",{"$nulls":4},"23182.92","7370.37","267.88","1158.23"]
[]
["表 1-2 分部分项工程量清单及计价表(号清单)"]
["单位工程及专业工程名称:浙江省中医院制剂中心基础装修改造工程",{"$nulls":8},"第5页 共12页"]
["序号","项目\n编码","项目名称","项目特征描述","计量\n单位","工程量","综合单价\n(元)","合价\n(元)","其中",null,null,"备注"]
[{"$nulls":8},"人工费","机械费","管理费"]
["45","030108001002","离心式通风机","离心式通(引)风机","台","4","2309.43","9237.72","3489.92","267.88","569.68"]
["46","010802004003","防盗门","1、钢制防盗门；\n2、智能门锁；","樘","1","3870.00","3870.00"]
["47","011608002001","铲除涂料面","抹灰面铲涂料","m2","140.8","8.24","1160.19","943.36",null,"143.62"]
["48","011407001001","墙面喷刷涂料","抹灰面批刮腻子2遍；墙、柱、天棚面刷乳胶漆3遍；","m2","140.8","42.01","5915.01","2937.09",null,"444.93"]
["49","01B013","建筑垃圾清理、外运、操作架搭拆","建筑垃圾清理、外运、成品保护、操作架搭拆","项","1","3000.00","3000.00"]
[null,"10","打粉间地面斑驳、 颜色不\n同一， 需要重新粉刷",{"$nulls":4},"1518.11","1100.47","29.55","171.33"]
["50","011106004001","地坪漆","楼地面打磨处理；地面刷耐磨漆 ~三遍","m2","24.83","61.14","1518.11","1100.47","29.55","171.33"]
[null,"11","简易房加固",{"$nulls":4},"99581.40","10784.39","261.73","1675.32"]
["51","011606002002","墙柱面龙骨及饰面拆除","原彩钢板墙及顶拆除","m2","275.5","10.81","2978.16","2424.40",null,"369.17"]
["52",null,"原钢架结构加固及油漆","原钢架结构加固及油漆","项","1","15000.00","15000.00"]
["53","011210002005","金属隔断","50厚彩钢夹心板墙板安装（含辅材、配件）","m2","149.5","247.04","36932.48","3254.62","142.03","514.28"]
["54","011302001008","吊顶天棚","100厚彩钢屋面板安装","m2","126","252.03","31755.78","2511.18","119.70","399.42"]
["55","010802002005","彩板门","50厚彩钢成品子母门安装","樘","1","2234.86","2234.86","78.33",null,"11.87"]
["56","030412005008","荧光灯","1.名称:1200双管LED净化日光灯安装","套","16","190.47","3047.52","351.36",null,"53.28"]
["57","030411006008","接线盒","1.名称:86型明盒墙体固定","个","30","6.44","193.20","93.30",null,"14.10"]
["58","030404035009","插座","1.名称:86型开关、插座安装","个","30","21.13","633.90","293.10",null,"44.40"]
[]
["表 1-2 分部分项工程量清单及计价表(号清单)"]
["单位工程及专业工程名称:浙江省中医院制剂中心基础装修改造工程",{"$nulls":8},"第6页 共12页"]
["序号","项目\n编码","项目名称","项目特征描述","计量\n单位","工程量","综合单价\n(元)","合价\n(元)","其中",null,null,"备注"]
[{"$nulls":8},"人工费","机械费","管理费"]
["59","030411002004","线槽","1.名称:20×25PVC阻燃线槽墙体固定","m","90","13.90","1251.00","575.10",null,"87.30"]
["60","030411001008","配管","1.名称:Φ25PVC阻燃管吊顶内预埋","m","150","8.10","1215.00","700.50",null,"106.50"]
["61","030411004024","配线","1.名称:BV4.0电线管内穿线","m","100","3.85","385.00","63.00",null,"10.00"]
["62","030411004025","配线","1.名称:BVR4.0电线管内穿线","m","50","4.17","208.50","31.50",null,"5.00"]
["63","030411004026","配线","1.名称:管内穿线\n2.规格:BV2.5","m","400","2.85","1140.00","272.00",null,"40.00"]
["64","030411004027","配线","1.名称:管内穿线\n2.规格:BVR2.5","m","200","3.03","606.00","136.00",null,"20.00"]
["65","03B002","原电箱整理配件更换、场地清理、垃圾外运","1.原电箱整理配件更换、场地清理、垃圾外运","项","1","2000.00","2000.00"]
[null,"12","一楼四周水泥台阶重新铺\n设",{"$nulls":4},"14990.38","2161.14","294.45","372.16"]
["66","010507007003","其他构件","花岗石台阶混凝土浇筑C30","m3","5.8","715.98","4152.68","1028.63","3.71","156.48"]
["67","040203008003","块料面层","20厚芝麻白花岗石火烧板铺贴","m2","26.9","266.16","7159.70","865.10","6.73","132.08"]
["68","011602001003","混凝土构件拆除","无筋混凝土基础拆除","m3","3.8","178.42","678.00","267.41","284.01","83.60"]
["69","01B014","建筑垃圾清理外运","建筑垃圾清理外运","项","1","3000.00","3000.00"]
[null,"13","洁净区内喷雾干燥室墙洞\n修复， 粉刷油漆， 地坪漆\n铺设。 原门封闭与洁净室\n隔开， 从侧面开门， 将此\n房间改为示教室",{"$nulls":4},"38243.60","17644.97","221.29","2707.22"]
["70","01B018","洁净墙洞口修复","洁净墙洞口修复","项","1","500.00","500.00"]
[]
["表 1-2 分部分项工程量清单及计价表(号清单)"]
["单位工程及专业工程名称:浙江省中医院制剂中心基础装修改造工程",{"$nulls":8},"第7页 共12页"]
["序号","项目\n编码","项目名称","项目特征描述","计量\n单位","工程量","综合单价\n(元)","合价\n(元)","其中",null,null,"备注"]
[{"$nulls":8},"人工费","机械费","管理费"]
["71","011405001018","金属面油漆","1、金属面打磨清理\n2、金属面刷环氧富锌防锈漆 一遍\n3、金属面刷氟碳漆 ~遍数3","m2","300.12","61.62","18493.39","9333.73",null,"1413.57"]
["72","011106004002","地坪漆","楼地面打磨处理；地面刷耐磨漆 ~三遍","m2","185.96","61.14","11369.59","8241.75","221.29","1283.12"]
["73","01B019","原门洞封堵","原门洞封堵","项","1","1000.00","1000.00"]
["74","010802002006","彩板门","50厚彩钢成品子母门安装","樘","1","1880.62","1880.62","69.49",null,"10.53"]
["75","01B020","其他装修改造","室内插座、灯具照片、线路改造等","项","1","5000.00","5000.00"]
[null,"14","洁净区内胶囊套装室墙面\n插座按装， 胶囊套装机刷\n油漆",{"$nulls":4},"4505.10","1406.80",null,"214.70"]
["76","030411006009","接线盒","1.名称:86型明盒墙体固定","个","10","6.44","64.40","31.10",null,"4.70"]
["77","030404035010","插座","1.名称:86型开关、插座安装","个","10","21.13","211.30","97.70",null,"14.80"]
["78","030411001009","配管","1.名称:Φ25PVC阻燃管吊顶内预埋","m","100","8.10","810.00","467.00",null,"71.00"]
["79","030411004028","配线","1.名称:BV4.0电线管内穿线","m","200","3.85","770.00","126.00",null,"20.00"]
["80","030411004029","配线","1.名称:BVR4.0电线管内穿线","m","100","4.17","417.00","63.00",null,"10.00"]
["81","011405001019","金属面油漆","1、金属面打磨清理\n2、金属面刷环氧富锌防锈漆 一遍\n3、金属面刷氟碳漆 ~遍数3","m2","20","61.62","1232.40","622.00",null,"94.20"]
["82","01B021","吊顶高处作业、净化板竖向开孔","吊顶高处作业、净化板竖向开孔","项","1","1000.00","1000.00"]
[]
["表 1-2 分部分项工程量清单及计价表(号清单)"]
["单位工程及专业工程名称:浙江省中医院制剂中心基础装修改造工程",{"$nulls":8},"第8页 共12页"]
["序号","项目\n编码","项目名称","项目特征描述","计量\n单位","工程量","综合单价\n(元)","合价\n(元)","其中",null,null,"备注"]
[{"$nulls":8},"人工费","机械费","管理费"]
[null,"15"," 洁净区内与非洁净区相连\n接的两扇门封堵",{"$nulls":4},"1000.00"]
["83","01B022","门洞封堵","门洞封堵","项","1","1000.00","1000.00"]
[null,"16","二楼洁净室内部墙面要求\n光滑、 平整， 有胶带痕迹\n的地方铲除， 回风口扩大",{"$nulls":4},"4418.60","117.00","0.60","17.85"]
["84","01B023","墙面、顶棚除胶处理","墙面、顶棚除胶处理、地坪保护、卫生清理垃圾外运","项","1","2000.00","2000.00"]
["85","030703011002","铝及铝合金风口、散流器","1.名称:铝制回风口安装加过滤网","个","5","433.72","2168.60","117.00","0.60","17.85"]
["86","011615001004","开孔（打洞）","机具开孔","个","5","50.00","250.00"]
[null,"17","二楼制剂室走廊地面斑\n驳、 破损， 需重新粉刷、\n修整",{"$nulls":4},"8400.64","6089.57","163.51","948.06"]
["87","011106004003","地坪漆","楼地面打磨处理；地面刷耐磨漆 ~三遍","m2","137.4","61.14","8400.64","6089.57","163.51","948.06"]
[null,"18","二号提取间外面不锈钢\n楼梯加固",{"$nulls":4},"6725.12","831.38","153.33","149.30"]
["88","01B024","原室外楼梯加固及油漆","原室外楼梯加固及油漆、照明灯具更换","项","1","3000.00","3000.00"]
["89","011503001002","金属扶手、栏杆、栏板","室外楼梯不锈钢扶手安装","m","11.2","332.60","3725.12","831.38","153.33","149.30"]
[null,"19","洁净区： 窗户内封的窗台\n需清洁",{"$nulls":4},"400.00"]
["90","01B025","窗户内封的窗台\n需清洁","固定玻璃窗拆除、窗台板清洁","项","1","400.00","400.00"]
[]
["表 1-2 分部分项工程量清单及计价表(号清单)"]
["单位工程及专业工程名称:浙江省中医院制剂中心基础装修改造工程",{"$nulls":8},"第9页 共12页"]
["序号","项目\n编码","项目名称","项目特征描述","计量\n单位","工程量","综合单价\n(元)","合价\n(元)","其中",null,null,"备注"]
[{"$nulls":8},"人工费","机械费","管理费"]
[null,"20"," 破损传递窗的更换与维\n修",{"$nulls":4},"6400.00"]
["91","01B030","传递箱更换","304不锈钢传递箱更换","套","2","3200.00","6400.00"]
[null,"21","二楼固体洁净区内的空\n开箱更换成防爆、 防尘空\n开箱 ， 开关换成防爆开\n关",{"$nulls":4},"9611.96","920.20",null,"139.48"]
["92","030404017007","配电箱","1.名称:空开箱更换(防尘)","台","4","2246.34","8985.36","724.80",null,"109.88"]
["93","030404035011","插座","1.名称:86型防尘插座安装","个","20","31.33","626.60","195.40",null,"29.60"]
[null,"22"," 制水间地面防漏处理",{"$nulls":4},"13500.00"]
["94","01B026","制水间地面不锈钢板铺设焊接","制水间地面不锈钢板铺设焊接（含下水制作）","项","1","8500.00","8500.00"]
["95","01B027","原房间内实验台、设备等拆除","1.原房间内实验台、设备等拆除","项","1","3000.00","3000.00"]
["96","01B028","杂物垃圾外运","1.杂物垃圾外运处置","项","1","2000.00","2000.00"]
[null,"23","北面楼梯间墙面油漆， 通\n往天台的的天窗改为液\n压杆",{"$nulls":4},"40181.85","16244.09",null,"2460.90"]
["97","011403001002","木扶手油漆","南北楼梯木扶手刷聚脂混漆 磨退~五遍","m","30","20.65","619.50","456.00",null,"69.00"]
["98","011405001020","金属面油漆","北楼梯铁栏栅氟碳漆、锅炉房油漆涂刷","m2","30","49.02","1470.60","658.20",null,"99.90"]
["99","011405001021","金属面油漆","1、金属面打磨清理\n2、金属面刷环氧富锌防锈漆 一遍\n3、金属面刷氟碳漆 ~遍数3","m2","50","61.62","3081.00","1555.00",null,"235.50"]
[]
["表 1-2 分部分项工程量清单及计价表(号清单)"]
["单位工程及专业工程名称:浙江省中医院制剂中心基础装修改造工程",{"$nulls":8},"第10页 共12页"]
["序号","项目\n编码","项目名称","项目特征描述","计量\n单位","工程量","综合单价\n(元)","合价\n(元)","其中",null,null,"备注"]
[{"$nulls":8},"人工费","机械费","管理费"]
["100","011302001009","吊顶天棚","1、北楼梯轻钢龙骨（U50型）吊顶 平面\n2、北楼梯300*600铝扣板吊顶","m2","15.3","171.10","2617.83","435.29",null,"65.94"]
["101","011604003004","天棚抹灰面拆除","北楼梯间原墙顶面抹灰面及基层铲除","m2","420","11.34","4762.80","3880.80",null,"588.00"]
["102","011407001002","墙面喷刷涂料","1、抹灰面批刮腻子（满刮两遍）\n2、墙面乳胶漆涂刷三遍（净味五合一）","m2","420","42.01","17644.20","8761.20",null,"1327.20"]
["103","011405001022","金属面油漆","屋顶钢爬梯氟碳漆涂刷","m2","16","61.62","985.92","497.60",null,"75.36"]
["104","01B031","屋顶上人孔不锈钢罩制作安装","屋顶上人孔盖制作、安装（含液压杆、不锈钢板及配件）","套","1","3000.00","3000.00"]
["105","01B032","卫生清理及场地保护","卫生清理及场地保护","项","1","1600.00","1600.00"]
["106","01B033","垃圾外运","垃圾外运","项","1","2400.00","2400.00"]
["107","01B040","操作架搭拆","操作架搭拆","项","1","2000.00","2000.00"]
[null,"24","成品仓库（314） ： 墙面\n重新粉刷",{"$nulls":4},"7935.50","3913.00",null,"592.80"]
["108","011407001003","墙面喷刷涂料","1、抹灰面批刮腻子（满刮两遍）\n2、墙面乳胶漆涂刷三遍（净味五合一）","m2","130","42.01","5461.30","2711.80",null,"410.80"]
["109","011604003005","天棚抹灰面拆除","北楼梯间原墙顶面抹灰面及基层铲除","m2","130","11.34","1474.20","1201.20",null,"182.00"]
["110","01B042","成品保护、操作架搭拆、卫生清理","成品保护、操作架搭拆、卫生清理","项","1","1000.00","1000.00"]
[]
["表 1-2 分部分项工程量清单及计价表(号清单)"]
["单位工程及专业工程名称:浙江省中医院制剂中心基础装修改造工程",{"$nulls":8},"第11页 共12页"]
["序号","项目\n编码","项目名称","项目特征描述","计量\n单位","工程量","综合单价\n(元)","合价\n(元)","其中",null,null,"备注"]
[{"$nulls":8},"人工费","机械费","管理费"]
[null,"25","三楼中药仓库（304） 、\n西药仓库（305） ： 水池\n拆除， 墙面粉刷， 加装货\n架； 西药仓库（305） 隔\n一间带排风功能的操作\n间",{"$nulls":4},"59510.07","12313.75","149.52","1891.69"]
["111","010605002002","钢板墙板","通风柜处50厚洁净板隔墙安装","m2","24","247.04","5928.96","522.48","22.80","82.56"]
["112","011502001006","金属装饰线","铝合金50内圆安装","m","48.2","41.87","2018.13","264.14",null,"40.01"]
["113","010802002007","彩板门","50厚彩钢板洁净门安装","樘","1","1880.62","1880.62","69.49",null,"10.53"]
["114","011502001007","金属装饰线","100*100铝合金包角","m","3","74.52","223.56","21.54",null,"3.27"]
["115","01B034","原金属面墙、顶基层修补、打磨等","1.原金属面墙、顶基层修补、打磨等","m2","288","7.12","2050.56","964.80","126.72","167.04"]
["116","011405001023","金属面油漆","金属面刷环氧富锌防锈漆 一遍","m2","288","13.08","3767.04","2160.00",null,"328.32"]
["117","011405001024","金属面油漆","金属面刷氟碳漆 ~遍数3","m2","288","49.02","14117.76","6318.72",null,"959.04"]
["118","01B035","场地成品保护及卫生清理","1.场地成品保护及卫生清理","项","1","2000.00","2000.00"]
["119","01B036","原房间内拆除","1.原房间内实验台、柜子、设备等拆除","项","1","5000.00","5000.00"]
["120","01B038","杂物及垃圾外运","杂物及垃圾外运处置","项","1","6000.00","6000.00"]
["121","030411002005","线槽","1.名称:20×25PVC阻燃线槽墙体固定","m","90","13.90","1251.00","575.10",null,"87.30"]
["122","030411004030","配线","1.名称:管内穿线\n2.规格:BV2.5","m","320","2.85","912.00","217.60",null,"32.00"]
["123","030411004031","配线","1.名称:管内穿线\n2.规格:BVR2.5","m","160","3.03","484.80","108.80",null,"16.00"]
[]
["表 1-2 分部分项工程量清单及计价表(号清单)"]
["单位工程及专业工程名称:浙江省中医院制剂中心基础装修改造工程",{"$nulls":8},"第12页 共12页"]
["序号","项目\n编码","项目名称","项目特征描述","计量\n单位","工程量","综合单价\n(元)","合价\n(元)","其中",null,null,"备注"]
[{"$nulls":8},"人工费","机械费","管理费"]
["124","030411001010","配管","1.名称:Φ25PVC阻燃管吊顶内预埋","m","86","8.10","696.60","401.62",null,"61.06"]
["125","030411006010","接线盒","1.名称:86型明盒墙体固定","个","20","6.44","128.80","62.20",null,"9.40"]
["126","030404035012","插座","1.名称:86型开关、插座安装","个","20","21.13","422.60","195.40",null,"29.60"]
["127","030412005009","荧光灯","1.名称:1200双管LED净化日光灯安装","套","22","187.62","4127.64","431.86",null,"65.56"]
["128","03B003","通风柜安装（含墙面开孔、辅材等）","1.通风柜安装（含墙面开孔、辅材等）","台","1","8500.00","8500.00"]
[null,"26"," 三楼楼梯口伸缩门需拆\n除， 有消防隐患",{"$nulls":4},"200.00"]
["129","01B039"," 三楼楼梯口伸缩门拆除、墙面修补"," 三楼楼梯口伸缩门拆除、墙面修补","项","1","200.00","200.00"]
[null,"27","户外围栏及其地下油库\n需拆除",{"$nulls":4},"7451.64","604.00","2469.62","465.96"]
["130","01B041","挖掘机开挖","1.挖掘机开挖（油库）","台班","1","2200.00","2200.00"]
["131","011705001001","大型机械设备进出场及安拆","履带式起重机30t以内 场外运输费用","台次","1","5251.64","5251.64","604.00","2469.62","465.96"]
[null,"28"," 北面楼梯间墙面油漆， 通\n往天台的的天窗改为液\n压杆","与23条重复"]
[null,"29","复方制剂工程研究中心\n建设改造尚未启动","见浙江中医药大学16号楼三楼（301-303）实验室改造工程预算书"]
[]
[]
["合计",{"$nulls":6},"483503.93","103951.27","4111.49","16381.21"]
["表 1-2 分部分项工程量清单及计价表(号清单)"]
["单位工程及专业工程名称:单位工程-浙江中医药大学16号楼三楼（301-303）实验室改造工程",{"$nulls":8},"第1页 共3页"]
["序号",null,"项目\n编码","项目名称","计量\n单位","工程量","综合单价\n(元)","合价\n(元)","其中",null,null,"备注"]
[{"$nulls":8},"人工费","机械费","管理费"]
[null,1,"三层（301-303）实验室改造房建",{"$nulls":4},117151.97,25550.43,21.36,2588.13]
[1,"011609002001","隔断隔墙拆除","彩钢板隔墙拆除","m2",26.6,17.23,458.32,397.67,null,40.43]
[2,"011210002002","金属隔断","50厚彩钢岩棉手工板隔墙","m2",40.2,243.56,9791.11,2165.57,null,219.49]
[3,"010802002002","彩板门","彩钢板子母门更换","樘",3,2329.56,6988.68,355.83,null,36.12]
[4,"010807008001","彩板窗","彩钢板墙8mm厚钢化玻璃铝合金框固定窗安装","m2",6,395.33,2371.98,197.88,null,20.04]
[5,"01B011","原彩钢板吊顶接缝处钢梁加固","1.原彩钢板吊顶接缝处钢梁加固（含钢梁、吊杆、附件等）","m",9.5,320,3040]
[6,"01B012","金属顶、墙面打磨清理","1.金属顶、墙面打磨清理","m2",546,9.13,4984.98]
[7,"01B013","50mm铝合金内框固定","1.50mm铝合金内框固定","m",58,36,2088]
[8,"011405001005","金属面油漆","金属面刷环氧富锌防锈漆 一遍","m2",546,14.44,7884.24,2975.7,null,300.3]
[9,"011405001006","金属面油漆","金属面刷氟碳漆 ~遍数3","m2",546,48.16,26295.36,11979.24,null,1212.12]
[10,"011101005001","自流坪楼地面","水泥基自流平砂浆楼地面 ~厚5(mm)","m2",178,34.93,6217.54,3317.92,21.36,338.2]
[11,"011103003001","塑料板楼地面","地面2.0厚地胶板铺贴","m2",188,163.02,30647.76,3897.24,null,394.8]
[12,"011208001001","柱（梁）面装饰","木龙骨架15阻燃板基层石膏板饰面包柱子","m2",12.5,70.72,884,263.38,null,26.63]
[13,"01B014","场地成品保护及卫生清理","1.场地成品保护及卫生清理","项",1,2000,2000]
[14,"01B015","杂物及垃圾外运","杂物及垃圾外运处置","项",1,3000,3000]
[15,"01B016","网络改造","网络改造","项",1,6500,6500]
[16,"01B017","实验室内拆除","原房间内实验台、设备等拆除","项",1,4000,4000]
["合   计",{"$nulls":6},117151.97,25550.43,21.36,2588.13]
[]
["表 1-2 分部分项工程量清单及计价表(号清单)"]
["单位工程及专业工程名称:单位工程-浙江中医药大学16号楼三楼（301-303）实验室改造工程",{"$nulls":8},"第2页 共3页"]
["序号",null,"项目\n编码","项目名称","计量\n单位","工程量","综合单价\n(元)","合价\n(元)","其中",null,null,"备注"]
[{"$nulls":8},"人工费","机械费","管理费"]
[null,2,"三层（301-303）实验室改造安装",{"$nulls":4},70939.93,12950.93,105.76,2566.04]
[1,"030408001002","电力电缆","1.名称:YJV4×50+1×25电缆线吊顶内预埋","m",90,160.19,14417.1,694.8,71.1,150.3]
[2,"030408001003","电力电缆","1.名称:YJV5*25线缆吊顶内预埋","m",103,91.4,9414.2,245.14,6.18,49.44]
[3,"030408006002","电力电缆头","户内干包式电力电缆头制作、安装 干包终端头(1kV以下截面mm2以下)120","个",10,170.31,1703.1,528.5,null,104.2]
[4,"030408006003","电力电缆头","户内干包式电力电缆头制作、安装 干包终端头(1kV以下截面mm2以下)35 \u007f25mm2及以下，铜芯，三芯及以上","个",20,37.24,744.8,258.6,null,51]
[5,"030404017002","配电箱","1.名称:600*800配电箱安装（含空开配件)","台",4,3258.13,13032.52,724.8,null,142.88]
[6,"030411002002","线槽","1.名称:20×25PVC阻燃线槽墙体固定","m",200,12.77,2554,1278,null,252]
[7,"030411001003","配管","1.名称:Φ25PVC阻燃管吊顶内预埋","m",800,8.58,6864,3736,null,736]
[8,"030411004005","配线","1.名称:BV4.0电线管内穿线","m",400,3.88,1552,252,null,48]
[9,"030411004006","配线","1.名称:BVR4.0电线管内穿线","m",200,4.2,840,126,null,24]
[10,"030411004007","配线","1.名称:管内穿线\n2.规格:BV2.5","m",1000,2.89,2890,680,null,130]
[11,"030411004008","配线","1.名称:管内穿线\n2.规格:BVR2.5","m",400,3.07,1228,272,null,52]
[12,"030411006002","接线盒","1.名称:86型灯头盒金属软管安装","个",28,12.32,344.96,173.88,null,34.16]
[13,"030411006003","接线盒","1.名称:86型明盒安装","个",60,8.69,521.4,196.8,null,39]
[14,"030404035002","插座","1.名称:86型插座安装","个",60,25.36,1521.6,523.8,null,103.2]
[15,"030412005002","荧光灯","1.名称:1200双管LED净化日光灯安装","套",28,173.92,4869.76,549.64,null,108.36]
[]
["表 1-2 分部分项工程量清单及计价表(号清单)"]
["单位工程及专业工程名称:单位工程-浙江中医药大学16号楼三楼（301-303）实验室改造工程",{"$nulls":8},"第3页 共3页"]
["序号",null,"项目\n编码","项目名称","计量\n单位","工程量","综合单价\n(元)","合价\n(元)","其中",null,null,"备注"]
[{"$nulls":8},"人工费","机械费","管理费"]
[16,"031001006001","塑料管","1、φ32PPR塑料管水管熔接，含管道及管件制作安装\n2、压力试验，消毒水冲洗等","m",56,28.43,1592.08,603.68,6.16,120.4]
[17,"031001006002","塑料管","1、φ25PPR塑料管水管熔接，含管道及管件制作安装\n2、压力试验，消毒水冲洗等","m",86.2,22.73,1959.33,779.25,9.48,156.02]
[18,"031001006003","塑料管","1、φ50PVC排水管、吊卡固定，含管道及管件制作安装\n2、含阻火圈、灌水试验等","m",120,20.15,2418,1105.2,null,218.4]
[19,"031003005001","塑料阀门","1.规格:φ32PPR阀门安装","个",12,46.09,553.08,222.84,12.84,46.68]
[20,"03B002","不锈钢三角阀安装","1.不锈钢三角阀安装","个",12,25,300]
[21,"011615001001","开孔（打洞）","机具开孔","个",27,60,1620]
{"$rows_empty":10}
["小   计",{"$nulls":6},70939.93,12950.93,105.76,2566.04]
["合   计",{"$nulls":6},{"$f":"H287+H244","v":188091.9},{"$f":"I287+I244","v":38501.36},{"$f":"J287+J244","v":127.12},{"$f":"K287+K244","v":5154.17}]